Realismo biológico: un nuevo renacimiento humanístico en arquitectura

Guardat en:
Dades bibliogràfiques
Autor principal: Neutra, Richard J. (autor)
Format: Llibre
Idioma:espanyol
Publicat: Buenos Aires Nueva Visión 1958
Col·lecció:Colección Arquitectura Contemporánea, 5
Matèries:
Etiquetes: Afegir etiqueta
Sense etiquetes, Sigues el primer a etiquetar aquest registre!

MARC

LEADER 00000nam a2200000 a 4500
001 UCT2599
003 CL-VaPUC
008 961011e19580000AG |||||||||||||||||spa|d
082 0 4 |a 720.92  |b NEU  |2 21 
100 |a Neutra, Richard J.  |e autor  |9 366424 
245 1 0 |a Realismo biológico: un nuevo renacimiento humanístico en arquitectura 
300 |a 182 p 
942 |c BK 
945 |d 19961011 00:00:00  |a rleighto 
260 |a Buenos Aires  |b Nueva Visión  |c 1958 
650 0 |a Arquitectura moderna  |9 265021 
650 0 |a Diseño arquitectónico   |9 265271 
650 7 |a ESTRUCTURAS ARQUITECTONICAS  |2 CL-VaPUC  |9 371611 
583 |a last modification  |c 19961011 00:00:00  |k Rodrigo Vera 
490 0 |a Colección Arquitectura Contemporánea, 5 
999 |c 252650  |d 252648 
952 |0 0  |1 0  |4 0  |6 720_920000000000000_NEU_1958  |7 0  |8 P  |9 272619  |a BIBARQ  |b BIBARQ  |d 2019-11-19  |i 323827K  |o 720.92 NEU 1958  |p 323827K  |r 2025-01-20  |w 2019-11-19  |y BK  |k ARQ